Gastronomía Chilena - Estadísticas

Estadísticas generales
  • Esta prueba ha sido intentada 214 veces
  • La puntuación promedio es 15 de 20
Estadísticas de respuestas
Imagen Respuesta % Correcto
Calzón roto
98%
Cazuela
98%
Completo
93%
Empanada de pino
93%
Sopaipilla
93%
Marraqueta
91%
Pastel de choclo
90%
Humita
89%
Cuchuflí
86%
Ensalada chilena
86%
Pan de pascua
86%
Empolvado
79%
Charquicán
77%
Carbonada
72%
Porotos con riendas
60%
Curanto
52%
Chilenito
41%
Paila marina
33%
Caldillo de congrio
32%
Sémola con leche
25%
No se encontraron pruebas coincidentes
Distribución de puntuación
Porcentaje de gente con cada puntuación
Porcentaje por número respondido
Historial de tus puntuaciones
No has intentado esta prueba.